Crónica del emperador Carlos V / (Record no. 72508)

MARC details
000 -LEADER
campo de control de longitud fija 00649nam a2200181 i 4500
001 - NÚMERO DE CONTROL
campo de control 72508
003 - IDENTIFICADOR DE NÚMERO DE CONTROL
campo de control ES-MaACL
005 - FECHA Y HORA DE LA ÚLTIMA TRANSACCIÓN
campo de control 20230906171445.0
007 - CAMPO FIJO DE DESCRIPCIÓN FÍSICA--INFORMACIÓN GENERAL
campo de control de longitud fija t|
008 - DATOS DE LONGITUD FIJA--INFORMACIÓN GENERAL
campo de control de longitud fija 040901s1964 sp ||||1| spa d
100 1# - ENTRADA PRINCIPAL--NOMBRE DE PERSONA
Nombre de persona Giron, Pedro.
9 (RLIN) 57267
245 10 - MENCIÓN DEL TÍTULO
Título Crónica del emperador Carlos V /
Mención de responsabilidad, etc. Pedro Giron ; edicion de Juan Sánchez Montes ; prólogo de Peter Rassow.
260 ## - PUBLICACIÓN, DISTRIBUCIÓN, ETC.
Lugar de publicación, distribución, etc. Madrid :
Nombre del editor, distribuidor, etc. Consejo Superior de Investigaciones Científicas, Escuela de Historia Moderna,
Fecha de publicación, distribución, etc. 1964.
300 ## - DESCRIPCIÓN FÍSICA
Extensión LX, 33, 618 p., 15 lám. ;
Dimensiones 25 cm.
700 1# - ENTRADA AGREGADA--NOMBRE PERSONAL
Nombre de persona Sánchez Montes, Juan.
9 (RLIN) 102791
700 1# - ENTRADA AGREGADA--NOMBRE PERSONAL
Nombre de persona Rassow, Peter.
9 (RLIN) 95512
852 ## - LOCALIZACIÓN
Ubicación ES-MaACL
Número de control de estantería C-25846
Sublocalización o colección R.54701
Holdings
Estatus retirado Estado de pérdida Estado de daño No para préstamo Biblioteca de origen Biblioteca actual Ubicación en estantería Fecha de adquisición Fuente de adquisición Total de préstamos Signatura topográfica completa Código de barras Visto por última vez Precio de reemplazo Tipo de ítem Koha
        Biblioteca del Ateneo de Madrid Biblioteca del Ateneo de Madrid Depósito 2 17/01/2008     C-25846 1075908 23/02/2023 23/02/2023 Libro impreso